Największe miasta II Rzeczypospolitej - Statystyki

Ogólne statystyki
  • Ten quiz został rozwiązany 42 razy
  • Średni wynik to 15 z 20
Statystyki odpowiedzi
Populacja Miasto % Poprawnych
316 177 Lwów
100%
246 698 Poznań
100%
1 178 914 Warszawa
100%
221 260 Kraków
97%
117 528 Bydgoszcz
94%
605 467 Łódź
94%
127 044 Katowice
92%
54 280 Toruń
92%
196 383 Wilno
92%
112 539 Lublin
89%
91 335 Białystok
86%
58 397 Kielce
81%
78 073 Radom
78%
117 588 Częstochowa
61%
109 454 Sosnowiec
61%
60 256 Stanisławów
56%
55 125 Kalisz
42%
51 379 Przemyśl
36%
56 277 Włocławek
28%
80 734 Królewska Huta
11%
Nie znaleziono quizów pasujących do podanych kryteriów
Rozkład punktacji
Procent ludzi z każdym wynikiem
Percentyl według liczby udzielonych odpowiedzi
Twoja historia wyników
Nie rozwiązałeś tego quizu